Statistics for Taylor Swift - This Is Why We Can't Have Nice Things Lyrics

Click here to take the quiz!

General Stats

  • This quiz has been taken 150 times
    (121 since last reset)
  • The average score is 367 of 396

Answer Stats

Answer% Correct
I
100%
it
100%
It
100%
Nice
100%
nice
100%
a
99%
can't
99%
have
99%
have-
99%
is
99%
the
99%
thing
99%
things
99%
this
99%
This
99%
to
99%
we
99%
why
99%
about
97%
all
97%
baby
97%
baby)
97%
friends)
97%
friends
97%
He
97%
he
97%
hear
97%
me
97%
me?
97%
my
97%
said
97%
said)
97%
you
97%
an
96%
(And
96%
And
96%
and
96%
call
96%
do
96%
face
96%
for
96%
friend
96%
Had
96%
had
96%
here
96%
Here's
96%
here's
96%
lately
96%
she
96%
So
96%
so
96%
was
96%
break
95%
care
95%
don't
95%
drama
95%
listen
95%
mama
95%
real
95%
take
95%
them
95%
they
95%
(They
95%
They
95%
what
95%
away
93%
Because
93%
forgiveness
93%
say
93%
straight
93%
with
93%
big
92%
'Cause
92%
even
92%
in
92%
toast
92%
balcony
91%
darling
91%
Jump
91%
parties
91%
from
89%
again
88%
ain't
88%
Did
88%
Haha
88%
pool
88%
think
88%
throwing
88%
wouldn't
88%
no
87%
on
87%
being
85%
champagne
85%
honey
85%
I'm
84%
shaking
84%
swimming
84%
There
84%
there
84%
But
83%
only
83%
sea
83%
trick
83%
If
81%
back
80%
gates
80%
head
80%
lost
80%
reading
80%
shady
80%
try
80%
you've
80%
chance
79%
hand
79%
locking
79%
not
79%
second
79%
stabbed
79%
twist
79%
weren't
79%
why'd
79%
chandelier
77%
issue
77%
rain
77%
when
77%
while
77%
giving
76%
into
76%
show
76%
rules
75%
up
75%
parade?
73%
phone
73%
year
73%
are
72%
Everyone
72%
that
72%
whole
72%
mind
71%
took
69%
Get
68%
axe
67%
Feeling
67%
Oh
67%
lies
65%
mended
64%
Gatsby
61%
fence
60%
rattling
56%
didn't
55%
therein
53%
Bass
51%
beat
51%
uh
37%
Uh
37%

Score Distribution

Percentile by Number Answered

Percent of People with Each Score

Your Score History

You have not taken this quiz since the last reset